| 000 | 00646nam a2200181 a 4500 | ||
|---|---|---|---|
| 005 | 20210219152045.0 | ||
| 008 | 991125c1991 mx 000 0 spa u | ||
| 020 | _a9688055611 | ||
| 035 | _aUPN01000046151 | ||
| 049 | _aCG | ||
| 050 | 4 |
_aKGC303 _bN83 no.25 |
|
| 245 | 0 | 0 | _aPrevenciones generales, reformas e inviolabilidad de la constitución artículos 124 al 136 y transitorios. |
| 260 |
_aMéxico : _bINEHRM, _cc1991. |
||
| 300 |
_a121 p. : _bfots. |
||
| 440 | 0 |
_aNuestra Constitución : historia de la libertad y soberanía del pueblo mexicano. _pCuaderno ; _v25 |
|
| 651 | 4 |
_aMEXICO - _xDERECHO CONSTITUCIONAL - _xCOMPENDIOS |
|
| 905 | _aLibro | ||
| 999 |
_c46151 _d46151 |
||